| 000 -LEADER |
| fixed length control field |
03423cam a2200493 a 4500 |
| 001 - CONTROL NUMBER |
| control field |
16522183 |
| 005 - DATE AND TIME OF LATEST TRANSACTION |
| control field |
20170105102910.0 |
| 008 - FIXED-LENGTH DATA ELEMENTS--GENERAL INFORMATION |
| fixed length control field |
101028s2011 enk b 001 0 eng |
| 010 ## - LIBRARY OF CONGRESS CONTROL NUMBER |
| LC control number |
2010045109 |
| 016 7# - NATIONAL BIBLIOGRAPHIC AGENCY CONTROL NUMBER |
| Record control number |
015618346 |
| Source |
Uk |
| 020 ## - INTERNATIONAL STANDARD BOOK NUMBER |
| International Standard Book Number |
9780415594103 |
| 020 ## - INTERNATIONAL STANDARD BOOK NUMBER |
| International Standard Book Number |
0415594103 |
| 020 ## - INTERNATIONAL STANDARD BOOK NUMBER |
| International Standard Book Number |
9780415594110 (pbk.) |
| 020 ## - INTERNATIONAL STANDARD BOOK NUMBER |
| International Standard Book Number |
0415594111 (pbk.) |
| 020 ## - INTERNATIONAL STANDARD BOOK NUMBER |
| International Standard Book Number |
9780203830727 (ebook) |
| 020 ## - INTERNATIONAL STANDARD BOOK NUMBER |
| International Standard Book Number |
0203830725 (ebook) |
| 035 ## - SYSTEM CONTROL NUMBER |
| System control number |
(OCoLC)ocn641535585 |
| 040 ## - CATALOGING SOURCE |
| Original cataloging agency |
DLC |
| Transcribing agency |
DLC |
| Modifying agency |
YDX |
| -- |
BTCTA |
| -- |
YDXCP |
| -- |
CHRRO |
| -- |
BWX |
| -- |
VVC |
| -- |
CDX |
| -- |
UKMGB |
| -- |
DLC |
| 043 ## - GEOGRAPHIC AREA CODE |
| Geographic area code |
aw----- |
| -- |
ff----- |
| 050 00 - LIBRARY OF CONGRESS CALL NUMBER |
| Classification number |
HV6250.4.W65 |
| Item number |
G464 2011 |
| 072 #7 - SUBJECT CATEGORY CODE |
| Subject category code |
s1zz |
| Source |
rero |
| 082 00 - DEWEY DECIMAL CLASSIFICATION NUMBER |
| Classification number |
362.83 |
| Edition number |
22 |
| 245 00 - TITLE STATEMENT |
| Title |
Gender and violence in the Middle East / |
| Statement of responsibility, etc. |
edited by Moha Ennaji and Fatima Sadiqi. |
| 260 ## - PUBLICATION, DISTRIBUTION, ETC. |
| Place of publication, distribution, etc. |
Abingdon, Oxon ; |
| -- |
New York : |
| Name of publisher, distributor, etc. |
Routledge, |
| Date of publication, distribution, etc. |
2011. |
| 300 ## - PHYSICAL DESCRIPTION |
| Extent |
xvii, 279 p. ; |
| Dimensions |
25 cm. |
| 490 1# - SERIES STATEMENT |
| Series statement |
UCLA center for Middle East development (CMED) ; |
| Volume/sequential designation |
4 |
| 504 ## - BIBLIOGRAPHY, ETC. NOTE |
| Bibliography, etc. note |
Includes bibliographical references (p. [247]-267) and index. |
| 505 0# - FORMATTED CONTENTS NOTE |
| Formatted contents note |
Introduction: contextualizing gender and violence in the Middle East / Moha Ennaji and Fatima Sadiqi -- Conceptualization and theoretical background. Feminist anthropological perspectives on violence / Patricia Zuckerhut -- Armed conflict and gender-based violence. Counter-narratives of Palestinian women : the construction of her-story and the politics of fear / Nadera Shalhoub-Kevorkian ; Gender, youth and institutional support in the occupied Palestinian territories / Islah Jad ; Impact of armed conflict on gender roles in Lebanon / Lamia Rustum Shehadeh -- Politics, war, and violence against women in Iraq and Afghanistan. War and gender in Bathist Iraq / Achim Rohde ; Violence against Afghan women : tradition, religion, conflict, and war / Anne E. Brodsky -- Religious and social violence against women. Religious-based violence against women, and feminist responses : Iran, Afghanistan, and Algeria / Valentine M. Moghadam ; Strategy in the battles over her : Islamism and secularism / Sherifa Zuhur ; Reproductive health correlates of intimate partner violence in Jordan / Cari Jo Clark -- Gender-based discrimination and legal reform. Legal reforms on violence against women in Turkey : best practices / Pinar Ilkkaracan and Liz Ercevik Amado ; Violence against women in Morocco : advances, contentions, and strategies to combat it / Moha Ennaji -- Language, sexual harassment and media. Women and the violence of stereotypes in Morocco / Fatima Sadiqi ; Dismantling the discourses of war : Palestinian women filmmakers address violence / Nadia Yaqub. |
| 650 #0 - SUBJECT ADDED ENTRY--TOPICAL TERM |
| Topical term or geographic name entry element |
Women |
| General subdivision |
Violence against |
| Geographic subdivision |
Middle East. |
| 650 #0 - SUBJECT ADDED ENTRY--TOPICAL TERM |
| Topical term or geographic name entry element |
Women |
| General subdivision |
Violence against |
| Geographic subdivision |
Africa, North. |
| 650 #0 - SUBJECT ADDED ENTRY--TOPICAL TERM |
| Topical term or geographic name entry element |
Sex discrimination against men |
| Geographic subdivision |
Middle East. |
| 650 #0 - SUBJECT ADDED ENTRY--TOPICAL TERM |
| Topical term or geographic name entry element |
Sex discrimination against men |
| Geographic subdivision |
Africa, North. |
| 650 #0 - SUBJECT ADDED ENTRY--TOPICAL TERM |
| Topical term or geographic name entry element |
Patriarchy |
| Geographic subdivision |
Middle East. |
| 650 #0 - SUBJECT ADDED ENTRY--TOPICAL TERM |
| Topical term or geographic name entry element |
Patriarchy |
| Geographic subdivision |
Africa, North. |
| 650 #0 - SUBJECT ADDED ENTRY--TOPICAL TERM |
| Topical term or geographic name entry element |
Sex role |
| Geographic subdivision |
Middle East. |
| 650 #0 - SUBJECT ADDED ENTRY--TOPICAL TERM |
| Topical term or geographic name entry element |
Sex role |
| Geographic subdivision |
Africa, North. |
| 700 1# - ADDED ENTRY--PERSONAL NAME |
| Personal name |
Ennaji, Moha. |
| 700 1# - ADDED ENTRY--PERSONAL NAME |
| Personal name |
Sadiqi, Fatima. |
| 830 #0 - SERIES ADDED ENTRY--UNIFORM TITLE |
| Uniform title |
UCLA Center for Middle East Development series ; |
| Volume/sequential designation |
4. |
| 856 42 - ELECTRONIC LOCATION AND ACCESS |
| Materials specified |
Contributor biographical information |
| Uniform Resource Identifier |
<a href="http://www.loc.gov/catdir/enhancements/fy1204/2010045109-b.html">http://www.loc.gov/catdir/enhancements/fy1204/2010045109-b.html</a> |
| 906 ## - LOCAL DATA ELEMENT F, LDF (RLIN) |
| a |
7 |
| b |
cbc |
| c |
orignew |
| d |
1 |
| e |
ecip |
| f |
20 |
| g |
y-gencatlg |
| 942 ## - ADDED ENTRY ELEMENTS (KOHA) |
| Source of classification or shelving scheme |
|
| Koha item type |
Book |